№ 3; Стандарты и качество

Бібліографічні деталі
Parent link:Стандарты и качество: международный журнал для профессионалов стандартизации и управления качеством/ Российская Федерация, Росстандарт. Всероссийская организация качества ООО "РИА "Стандарнты и качество". № 3.— , 1980-
Мова:Російська
Опубліковано: 2017
Формат: Книга
KOHA link:https://koha.lib.tpu.ru/cgi-bin/koha/opac-detail.pl?biblionumber=572589

MARC

LEADER 00000nam2a2200000 4500
001 572589
005 20231101125457.0
035 |a (RuTPU)RU\TPU\prd\270731 
090 |a 572589 
100 |a 20170410a19279999k y0rusy50 ca 
101 0 |a rus 
102 |a RU 
200 0 |a № 3 
210 |d 2017 
461 1 |0 (RuTPU)RU\TPU\prd\992  |t Стандарты и качество  |o международный журнал для профессионалов стандартизации и управления качеством  |f Российская Федерация, Росстандарт. Всероссийская организация качества ООО "РИА "Стандарнты и качество"  |v № 3  |d 1980- 
801 0 |a RU  |b 63413507  |c 20010227  |g PSBO 
801 1 |a RU  |b 63413507  |c 20170410 
801 2 |a RU  |b 63413507  |c 20230615  |g RCR 
942 |c BK 
999 |a НТБ_ТПУ  |b НФ  |e -1/20170117  |p П-7520  |s 3/20161228  |u 0,00  |v 1